Una reseña que no pudo serlo /

保存先:
書誌詳細
第一著者: Ritcher, Ernesto
フォーマット: テキスト
主題:
タグ: タグ追加
タグなし, このレコードへの初めてのタグを付けませんか!

MARC

LEADER 00000 a a2200000 04500
001 43001
003
040
100 |a Ritcher, Ernesto  
245 |a Una reseña que no pudo serlo /  |c Ernesto Ritcher  
650 |a RESEÑAS BIBLIOGRAFICAS  
773 |g volumen4, número10 ( , 1975), páginas 149-152  
999 |c 29312  |d 29312 
773 0 |0 18875  |9 5493  |a Universidad de Costa Rica.  |d San José, Costa Rica: Universidad de Costa Rica. Consejo Superior Universitario Centroamericano, 1972-  |o 14617  |t Estudios Sociales Centroamericanos /  |x 03039676